[Event "Lindow/Mark (15.09.-21.09)"]
[Site "?"]
[Date "2002.09.16"]
[Round "2.10"]
[White "Petersohn Horst"]
[Black "Tefs Arnold"]
[Result "1/2-1/2"]
[WhiteElo "1731"]
[BlackElo "1642"]
[PlyCount "101"]
[EventDate "2002.??.??"]
[Source "www.chesslib.no"]
[SourceDate "2004.05.04"]

1. d4 f5 2. c4 Nf6 3. Nf3 e6 4. a3 Be7 5. g3 O-O 6. Bg2 c6 7. O-O d5 8. b3 Ne4 9. Qc2 Nd7 10. Nc3 Nxc3 11. Qxc3 Nf6 12. Nd2 Bd7 13. f3 Be8 14. Bb2 Bf7 15. Rae1 Re8 16. e4 Bf8 17. Qc2 g6 18. Rf2 Qd7 19. cxd5 cxd5 20. Rfe2 Rac8 21. Qd3 Rc7 22. exf5 exf5 23. Re5 Rec8 24. Qb1 Qb5 25. Bf1 Qc6 26. Bd3 Nd7 27. R5e2 Qf6 28. f4 a6 29. b4 Qb6 30. Nf3 Nf6 31. Ng5 Ne4 32. Nf3 Nc3 33. Bxc3 Rxc3 34. Ra2 Bg7 35. Kg2 Bxd4 36. Qd1 Bf6 37. Ne5 Bxe5 38. fxe5 Be6 39. Be2 Re3 40. Bf3 Rxe1 41. Qxe1 Qc6 42. Qd2 b5 43. Qg5 Qd7 44. Rd2 d4 45. Qf6 Bd5 46. Rxd4 Bxf3+ 47. Kxf3 Rc3+ 48. Kg2 Qxd4 49. Qe6+ Kf8 50. Qf6+ Ke8 51. Qh8+ 1/2-1/2

[Event "Rowy (20.06.-29.06)"]
[Site "?"]
[Date "2005.06.25"]
[Round "5.21"]
[White "Huth Heinz"]
[Black "Hess Helmut"]
[Result "1/2-1/2"]
[WhiteElo "1754"]
[BlackElo "1594"]
[PlyCount "69"]
[EventDate "2005.??.??"]
[Source "www.chesslib.no"]
[SourceDate "2004.05.04"]

1. d4 f5 2. c4 Nf6 3. Nf3 e6 4. g3 d5 5. cxd5 Nxd5 6. Bg2 Bb4+ 7. Bd2 O-O 8. O-O Nc6 9. e3 Bd6 10. Nc3 Nxc3 11. Bxc3 Qe8 12. Qb3 Kh8 13. Rac1 h6 14. Rfd1 Qf7 15. Ne5 Nxe5 16. dxe5 Be7 17. Ba5 Bd8 18. Rd2 Rb8 19. Bb4 Re8 20. Rcd1 Be7 21. Bc3 Kh7 22. Qa4 a6 23. Qc4 c5 24. b4 b5 25. Qb3 c4 26. Qa3 Qf8 27. Qb2 Bb7 28. f3 Red8 29. a3 Rxd2 30. Rxd2 Rd8 31. Bd4 Rd7 32. Bb6 Qc8 33. Bd4 Qa8 34. Kf2 a5 35. Bc3 1/2-1/2

[Event "Auburn Hills, MI"]
[Site "?"]
[Date "2002.04.28"]
[Round "4.3"]
[White "Steen Harold"]
[Black "Nicolli Randy"]
[Result "1/2-1/2"]
[WhiteElo "1617"]
[BlackElo "1686"]
[PlyCount "76"]
[EventDate "2002.??.??"]
[Source "www.chesslib.no"]
[SourceDate "2004.05.04"]

1. d4 f5 2. c4 Nf6 3. Bg5 e6 4. h4 Be7 5. h5 h6 6. Bh4 Ne4 7. Bxe7 Qxe7 8. a3 c5 9. e3 Nc6 10. Nf3 cxd4 11. exd4 e5 12. d5 Qc5 13. Qe2 Nd4 14. Nxd4 Qxd4 15. Rh3 d6 16. Nc3 Nxc3 17. bxc3 Qc5 18. Rg3 O-O 19. Rg6 f4 20. g4 fxg3 21. Rxg3 Kh8 22. Qe3 Qc7 23. Bd3 Bf5 24. Kd2 e4 25. Be2 Rf7 26. f3 exf3 27. Rxf3 Qd7 28. Raf1 Re8 29. Qf2 Re5 30. Bd3 Bxd3 31. Rxf7 Qh3 32. Re1 Bf5 33. Re3 Rxe3 34. Qxe3 Qxh5 35. Rxb7 Qh2+ 36. Qe2 Qf4+ 37. Qe3 Qh2+ 38. Qe2 Qf4+ 1/2-1/2

[Event "Brønnøysund"]
[Site "?"]
[Date "2004.03.14"]
[Round "2"]
[White "Bue Gunnar"]
[Black "Brandth Thor-K"]
[Result "1-0"]
[WhiteElo "1629"]
[BlackElo "1664"]
[PlyCount "69"]
[EventDate "2004.??.??"]
[Source "www.chesslib.no"]
[SourceDate "2004.05.04"]

1. d4 f5 2. c4 Nf6 3. Nf3 e6 4. e3 b6 5. Bd3 Bb4+ 6. Nbd2 Bb7 7. O-O O-O 8. a3 Be7 9. b4 a5 10. bxa5 Rxa5 11. Bb2 Ne4 12. Qc2 d5 13. cxd5 Nxd2 14. Nxd2 Qxd5 15. f3 Qd7 16. Nc4 Ra7 17. Ne5 Qd6 18. e4 fxe4 19. fxe4 Nd7 20. Rxf8+ Bxf8 21. Nc4 Qe7 22. e5 Qh4 23. Rf1 c5 24. g3 Qh5 25. Qf2 Ra8 26. Be2 Qg6 27. Bf3 Bxf3 28. Qxf3 Qe8 29. d5 Ra7 30. d6 b5 31. Ne3 Nb8 32. Nd5 exd5 33. Qxd5+ Rf7 34. Rxf7 Qxf7 35. e6 1-0

[Event "02sen.Kurpfalz op"]
[Site "?"]
[Date "1996.??.??"]
[Round "?"]
[White "Flegel Gerhard"]
[Black "Fries Karl-Heinz"]
[Result "0-1"]
[WhiteElo "1657"]
[BlackElo "1626"]
[PlyCount "99"]
[EventDate "1996.??.??"]
[Source "www.chesslib.no"]
[SourceDate "2004.05.04"]

1. d4 f5 2. c4 Nf6 3. Qc2 e6 4. Nc3 c6 5. e4 d5 6. cxd5 exd5 7. exf5 Be7 8. Nf3 O-O 9. Bd3 Ne8 10. Bf4 Nd7 11. g4 Ndf6 12. h3 Bd6 13. Ne5 Qb6 14. Be3 Nd7 15. f4 Nxe5 16. fxe5 Bxe5 17. Na4 Qb4+ 18. Bd2 Qxd4 19. O-O-O Bf4 20. Nc3 h6 21. Rdf1 Bxd2+ 22. Qxd2 Qf6 23. h4 Nd6 24. Qf4 Nf7 25. Bc2 Rd8 26. Rfg1 g5 27. Qg3 Bd7 28. hxg5 Qxg5+ 29. Kb1 Re8 30. Rh5 Qe3 31. Qh2 Qe5 32. Rxh6 Nxh6 33. Qxh6 Qg7 34. Qxg7+ Kxg7 35. g5 Rf8 36. f6+ Kf7 37. Rf1 Rg8 38. Rg1 Rae8 39. Bh7 Rh8 40. Bc2 Rh4 41. Bd1 Bf5+ 42. Kc1 Bg6 43. Ne2 Ree4 44. Nc3 Rc4 45. Be2 Rcf4 46. Nd1 Rh2 47. Re1 Re4 48. Nc3 Re5 49. Kd1 b5 50. Bg4 0-1

[Event "Lindow/Mark (18.09.-25.09)"]
[Site "?"]
[Date "2004.09.25"]
[Round "9.13"]
[White "Schmidt Roland"]
[Black "Schneidereit Manfred"]
[Result "1-0"]
[WhiteElo "1613"]
[BlackElo "1594"]
[PlyCount "84"]
[EventDate "2004.??.??"]
[Source "www.chesslib.no"]
[SourceDate "2004.05.04"]

1. d4 f5 2. c4 Nf6 3. e3 e6 4. a3 b6 5. f4 Bb7 6. Nf3 Be7 7. Bd3 Be4 8. O-O O-O 9. Nc3 Bxd3 10. Qxd3 c6 11. b4 a6 12. Rd1 d6 13. Na4 b5 14. Nc3 Nbd7 15. Ng5 bxc4 16. Qxc4 Nd5 17. Nxe6 Qb6 18. Nxf8 Rxf8 19. Nxd5 cxd5 20. Qxd5+ Kh8 21. Qe6 Qd8 22. Bd2 Nb6 23. Qb3 d5 24. a4 Nc4 25. Rac1 g5 26. Rxc4 dxc4 27. Qxc4 Qa8 28. d5 h5 29. Bc3+ Kh7 30. Qc7 Qe8 31. d6 Rf7 32. dxe7 Rxe7 33. Qc5 Kg6 34. Rd6+ Re6 35. Qd5 Rxd6 36. Qxd6+ Kh7 37. Bd4 gxf4 38. exf4 h4 39. h3 Qf7 40. b5 axb5 41. axb5 Kg8 42. b6 Kh7 1-0

[Event "Detroit, MI"]
[Site "?"]
[Date "1997.05.24"]
[Round "3.15"]
[White "Saenz Scott"]
[Black "Sparks Frazier"]
[Result "0-1"]
[WhiteElo "1287"]
[BlackElo "1861"]
[PlyCount "84"]
[EventDate "1997.??.??"]
[Source "www.chesslib.no"]
[SourceDate "2004.05.04"]

1. d4 f5 2. c4 Nf6 3. Nf3 e6 4. Bg5 Be7 5. e3 O-O 6. Bd3 b6 7. O-O Bb7 8. Nbd2 Qe8 9. a3 c5 10. d5 Qg6 11. Qc2 Nxd5 12. Bxe7 Nxe7 13. b4 e5 14. e4 d6 15. Nh4 Qg4 16. Nxf5 Nxf5 17. f3 Qg5 18. exf5 Nc6 19. Ne4 Qe3+ 20. Kh1 Nd4 21. Qd2 Qxd2 22. Nxd2 Nxf5 23. Be4 Bxe4 24. Nxe4 Rad8 25. Rac1 h6 26. Rfd1 Nd4 27. Nc3 Kh7 28. Nb5 Nxb5 29. cxb5 Rf6 30. bxc5 bxc5 31. Rxc5 Rdf8 32. Rcd5 e4 33. Rxd6 Rf5 34. a4 exf3 35. gxf3 Rxf3 36. Ra6 R8f7 37. a5 Ra3 38. Rb1 Ra2 39. b6 axb6 40. Raxb6 Rxa5 41. R1b2 Rg5 42. R6b3 Rf1# 0-1

[Event "Bethune FRA"]
[Site "?"]
[Date "2003.12.28"]
[Round "4.12"]
[White "Vinsard Cyril"]
[Black "Roelens Stephane"]
[Result "1-0"]
[WhiteElo "1440"]
[BlackElo "1630"]
[PlyCount "51"]
[EventDate "2003.??.??"]
[Source "www.chesslib.no"]
[SourceDate "2004.05.04"]

1. d4 f5 2. c4 Nf6 3. Bg5 e6 4. Nc3 Be7 5. Nf3 d6 6. g3 b6 7. Bg2 Bb7 8. O-O Nbd7 9. Qc2 Nf8 10. Rfe1 Qd7 11. Rad1 O-O-O 12. Bxf6 gxf6 13. e4 fxe4 14. Nxe4 Ng6 15. d5 e5 16. b4 Rdg8 17. b5 h5 18. Rd3 f5 19. Neg5 e4 20. Nxe4 fxe4 21. Rxe4 Qf5 22. Nd4 Qf6 23. Bh3+ Kd8 24. Ne6+ Kc8 25. Nc5+ Kb8 26. Nd7+ 1-0

[Event "17sen.BayEM2005 Schney op"]
[Site "?"]
[Date "2005.06.11"]
[Round "2.43"]
[White "Jurgan Brigitte"]
[Black "Schirner Ludwig"]
[Result "0-1"]
[WhiteElo "1192"]
[BlackElo "1637"]
[PlyCount "74"]
[EventDate "2005.??.??"]
[Source "www.chesslib.no"]
[SourceDate "2004.05.04"]

1. d4 f5 2. c4 Nf6 3. f3 e6 4. Nc3 Nc6 5. e3 a6 6. a3 Na7 7. Nge2 c6 8. g3 d5 9. c5 b6 10. b4 bxc5 11. bxc5 Nb5 12. Nxb5 axb5 13. Bd2 g6 14. Bg2 Bh6 15. Qb3 O-O 16. O-O Ba6 17. Rfe1 Qc7 18. Nf4 Rfe8 19. Bc3 Re7 20. Nh3 Rae8 21. f4 Ne4 22. Bxe4 fxe4 23. Qd1 Bc8 24. Rf1 Bg7 25. a4 bxa4 26. Qxa4 e5 27. dxe5 Bxh3 28. Rf2 Bg4 29. h4 Bf3 30. Rc2 Bg4 31. Be1 Rb8 32. Qa2 Rb7 33. Bf2 h5 34. Rb1 Rxb1+ 35. Qxb1 Qd7 36. Be1 Bf8 37. Qb4 Re8 0-1

[Event "Hamburg"]
[Site "?"]
[Date "2005.10.07"]
[Round "7.33"]
[White "Mueller Hartmut Dieter"]
[Black "Lohrie Christian"]
[Result "0-1"]
[WhiteElo "1466"]
[BlackElo "1353"]
[PlyCount "90"]
[EventDate "2005.??.??"]
[Source "www.chesslib.no"]
[SourceDate "2004.05.04"]

1. d4 f5 2. c4 Nf6 3. Nf3 d6 4. Qa4+ Bd7 5. Qb3 g6 6. Nc3 b6 7. Bg5 Bg7 8. d5 Na6 9. Be3 Rb8 10. Nb5 Nc5 11. Bxc5 bxc5 12. Qc2 Bxb5 13. cxb5 Nxd5 14. e3 a6 15. a4 Nb4 16. Qb3 c6 17. Ng5 Bf6 18. Nf7 Qa5 19. Kd1 Rf8 20. Nxd6+ exd6 21. Qe6+ Be7 22. bxc6 Nxc6 23. Kc1 Qe1+ 24. Kc2 Nb4+ 25. Kb3 Qxa1 26. Bb5+ axb5 27. Rxa1 bxa4+ 28. Rxa4 Nd3+ 29. Kc3 Nxf2 30. Kc2 Ng4 31. Ra6 d5 32. Qc6+ Kf7 33. Qxd5+ Kg7 34. Qe6 Bf6 35. Ra7+ Kh8 36. Qd7 Nxe3+ 37. Kb1 Rxb2+ 38. Kc1 Rc2+ 39. Kb1 Rb8+ 40. Rb7 Rxb7+ 41. Qxb7 Rb2+ 42. Qxb2 Bxb2 43. Kxb2 Nxg2 44. Kc3 f4 45. Kd2 f3 0-1

[Event "Lansing, MI"]
[Site "?"]
[Date "2004.09.05"]
[Round "4.41"]
[White "Van Horn DeWayne"]
[Black "Mandell Ed"]
[Result "1-0"]
[WhiteElo "1280"]
[BlackElo "1371"]
[PlyCount "70"]
[EventDate "2004.??.??"]
[Source "www.chesslib.no"]
[SourceDate "2004.05.04"]

1. d4 f5 2. c4 Nf6 3. Bf4 e6 4. Nc3 Bb4 5. f3 Nc6 6. a3 Bxc3+ 7. bxc3 Na5 8. e3 Nh5 9. Bg3 Nxg3 10. hxg3 b6 11. f4 Ba6 12. Be2 Qf6 13. Qa4 c5 14. Nf3 Qg6 15. Ng5 h6 16. Bh5 O-O-O 17. Bxg6 hxg5 18. Rxh8 Rxh8 19. Kf2 Bxc4 20. dxc5 Bb3 21. Qd4 Nc4 22. cxb6 axb6 23. a4 Kc7 24. Rb1 Ba2 25. Rb4 Rc8 26. Rxc4+ Bxc4 27. Qxc4+ Kb7 28. Qd4 Rc7 29. fxg5 d6 30. Qxd6 Rxc3 31. Qxe6 Rc2+ 32. Kf3 Rc1 33. Bxf5 Rc7 34. g6 Ka6 35. Qf7 Kb7 1-0

[Event "Regensburg RT-Halle"]
[Site "?"]
[Date "2004.04.06"]
[Round "8.12"]
[White "Steindl Matthias"]
[Black "Behrens Kai"]
[Result "0-1"]
[WhiteElo "1111"]
[BlackElo "1415"]
[PlyCount "62"]
[EventDate "2004.??.??"]
[Source "www.chesslib.no"]
[SourceDate "2004.05.04"]

1. d4 f5 2. c4 Nf6 3. Bf4 g6 4. Nc3 Bg7 5. Nf3 O-O 6. e3 d6 7. Bd3 h6 8. Qc2 Nc6 9. O-O-O Qe8 10. h3 e5 11. Bh2 e4 12. Be2 exf3 13. Bxf3 a5 14. a3 a4 15. Rdg1 Bd7 16. g4 fxg4 17. Bd5+ Nxd5 18. Nxd5 Bf5 19. Qd1 Qf7 20. Nc3 Qxc4 21. Rg3 Na5 22. Kd2 Qd3+ 23. Ke1 Qxd1+ 24. Kxd1 Be6 25. Ke1 Nb3 26. hxg4 Bc4 27. Ne2 Rfe8 28. Kd1 Bxe2+ 29. Kxe2 Bxd4 30. g5 h5 31. f4 Bxb2 0-1

[Event "Corr"]
[Site "?"]
[Date "2005.04.24"]
[Round "?"]
[White "Ulriksen Kim"]
[Black "Chedid Rafael Antonio"]
[Result "1-0"]
[WhiteElo "1293"]
[BlackElo "1212"]
[PlyCount "71"]
[EventDate "2005.??.??"]
[Source "www.chesslib.no"]
[SourceDate "2004.05.04"]

1. d4 f5 2. c4 Nf6 3. Nf3 e6 4. b3 Be7 5. Bb2 O-O 6. e3 d5 7. Bd3 c6 8. O-O Nbd7 9. c5 Qe8 10. Nc3 Ne4 11. Nd2 Ndf6 12. f3 Nxd2 13. Qxd2 Qf7 14. Rae1 b5 15. b4 Nd7 16. e4 Qf6 17. Ne2 a5 18. exf5 exf5 19. a3 axb4 20. axb4 g5 21. Ng3 Nb8 22. Nxf5 Bxf5 23. Bxf5 Qxf5 24. Rxe7 g4 25. Re5 Qd7 26. Rg5+ Kh8 27. Rxg4 Qe6 28. Qg5 Qf6 29. Ra1 Rxa1+ 30. Bxa1 Nd7 31. Bc3 Qf7 32. Be1 Re8 33. Bg3 Qe7 34. Qxe7 Rxe7 35. Kf2 Re6 36. Rg5 1-0

[Event "Willingen"]
[Site "?"]
[Date "2005.05.19"]
[Round "8"]
[White "Nitsche Hahn Maxim"]
[Black "Plotkin Alex"]
[Result "1-0"]
[WhiteElo "1356"]
[BlackElo "1060"]
[PlyCount "103"]
[EventDate "2005.??.??"]
[Source "www.chesslib.no"]
[SourceDate "2004.05.04"]

1. d4 f5 2. c4 Nf6 3. Nf3 g6 4. e3 Bg7 5. Be2 O-O 6. O-O d6 7. Bd2 Qe8 8. Nc3 e5 9. dxe5 dxe5 10. Qc2 Nc6 11. Rfd1 Be6 12. h3 Rd8 13. a3 h6 14. Be1 e4 15. Nd4 Ne5 16. Ncb5 Qf7 17. Nxe6 Qxe6 18. Nxc7 Qc6 19. Nb5 a6 20. Nd4 Qc8 21. Ba5 Rd6 22. Bb4 Rfd8 23. Bxd6 Rxd6 24. Rd2 Qd7 25. Rad1 Ne8 26. Nb3 Rxd2 27. Rxd2 Qe6 28. Nd4 Qc8 29. Nb3 Nc7 30. Qd1 Qe6 31. Rd6 Qe7 32. Rd8+ Kh7 33. Rd2 Qf7 34. Qc1 h5 35. f3 Bh6 36. Qc3 Bg7 37. Qc2 Bh6 38. f4 Nd7 39. Qd1 Nf6 40. Nc5 b6 41. Nd7 Bg7 42. Nxf6+ Qxf6 43. Qb3 Ne6 44. Rd6 Bf8 45. Rxb6 Qh4 46. Kf1 Nc5 47. Qc2 Qg3 48. Qd2 Be7 49. b4 Bh4 50. Bxh5 Qh2 51. Bxg6+ Kg7 52. Qd4+ 1-0

[Event "Corr"]
[Site "?"]
[Date "2004.01.12"]
[Round "?"]
[White "Van Gimst Herman"]
[Black "Harris Robert"]
[Result "1/2-1/2"]
[WhiteElo "1241"]
[BlackElo "1102"]
[PlyCount "72"]
[EventDate "2004.??.??"]
[Source "www.chesslib.no"]
[SourceDate "2004.05.04"]

1. d4 f5 2. c4 Nf6 3. Bg5 e6 4. Nc3 Bb4 5. Qd3 O-O 6. Nf3 b6 7. e3 Bb7 8. a3 Bxc3+ 9. Qxc3 d6 10. Be2 Nbd7 11. b3 a5 12. Bh4 Qe8 13. O-O Ne4 14. Qc2 h6 15. Ne1 g5 16. Bg3 e5 17. d5 Ndc5 18. Bf3 Nxb3 19. Qxb3 Nd2 20. Qd3 Nxf1 21. Kxf1 f4 22. Bxf4 exf4 23. e4 Qe5 24. Nc2 Rae8 25. Re1 Bc8 26. h3 Re7 27. Nd4 Bd7 28. Bg4 Rfe8 29. Bxd7 Rxd7 30. Nf5 Kh7 31. Nd4 Kg8 32. Nf5 h5 33. Qf3 Rh7 34. Kg1 Qh8 35. h4 Qf6 36. a4 Rf8 1/2-1/2

[Event "Molde"]
[Site "?"]
[Date "1996.12.06"]
[Round "7"]
[White "Svensen Tarjei Joten"]
[Black "Sele Audun"]
[Result "0-1"]
[WhiteElo "1136"]
[BlackElo "1200"]
[PlyCount "34"]
[EventDate "1996.??.??"]
[Source "www.chesslib.no"]
[SourceDate "2004.05.04"]

1. d4 f5 2. c4 Nf6 3. Nf3 d6 4. Bf4 e6 5. Nc3 Qe7 6. e3 Nbd7 7. Bd3 e5 8. dxe5 dxe5 9. Bg3 e4 10. Bxc7 exd3 11. Qxd3 Nc5 12. Qd1 Qxc7 13. Qd8+ Qxd8 14. Rd1 Qa5 15. Rd8+ Kxd8 16. Ne5 Nfe4 17. Kd1 Nd6 0-1